NBER Reporter

Detalles Bibliográficos
Formato: eBook
Lenguaje:inglés
Publicado: Estados Unidos National Bureau of Economic Research, Inc. 1989-2013
Materias:
Acceso en línea:Acceso restringido

MARC

LEADER 00000nam a22000007a 4500
005 20151109123440.0
007 cr|||| ||
008 151109s19892015-usqn|pos|||| 0|||a1eng d
022 |a 0276-119X  
035 |a 2854 
040 |a vLex 
090 |c 5686  |d 5686 
245 1 0 |a NBER Reporter  |h [Recurso electrn̤ico] /  |c National Bureau of Economic Research, Inc.  
256 |a Servicio en ln̕ea  
260 |a Estados Unidos   |b National Bureau of Economic Research, Inc.   |c 1989-2013 
300 |a 1 recurso electrn̤ico  
310 |a Irregular  
506 1 |a Contenido solo disponible en los productos indicados  |d vLex Global  |d vLex Global (Academic Edition, excluding Law Schools)  |d vLex Global (U.S. Academic Edition, Law Schools)  |d vLex Global (U.S. Academic Edition, excluding Law Schools)  |d vLex Global (Academic Edition, Law Schools) 
650 0 4 |a Bancos  |z Estados Unidos  
740 0 |a vLex revista (servicio en ln̕ea)  
856 4 0 |u http://vlex.com/source/nber-reporter-2854  |z Acceso restringido  
942 |c REV 
999 0 |a Banks and banking